| 000 | 00690pam a2200229 a 4500 | ||
|---|---|---|---|
| 001 | 2143390 | ||
| 005 | 20251110165433.0 | ||
| 008 | 980630s1999 njua 001 0 eng | ||
| 020 |
_a0138414467 _qhardcover |
||
| 020 |
_a9780138414467 _q(hardcover) |
||
| 050 | 0 | 0 |
_aTJ230 _b.M68 1999 |
| 082 | 0 | 0 |
_a621.8/15 _221 |
| 100 | 1 | _aMott, Robert L. | |
| 245 | 1 | 0 |
_aMachine elements in mechanical design / _cRobert L. Mott. |
| 250 | _a3rd ed. | ||
| 260 |
_aUpper Saddle River, N.J. : _bPrentice Hall, _cc1999. |
||
| 300 |
_a1 v. (various pagings) : _bill. ; _c26 cm. |
||
| 500 | _aIncludes index. | ||
| 650 | 0 | _aMachine design. | |
| 650 | 0 | _aMechanical movements. | |
| 942 |
_2lcc _cBK _e3rd ed. _n0 |
||
| 999 |
_c8186 _d8186 |
||